000 00860nas a2200301 4500
001 BR2012007511
003 BR-BrBNA
005 20231205121309.0
007 ta
008 230509b bl.|||p| |||| 00| 00por d
040 _aBR-BrBNA
_bpor
_cBiblioteca Nacional de Agricultura
041 _a(Pt)
072 _aL74
100 1 _aDias, R.V. da C.
100 1 _aSouza, M.V. de
100 1 _aRibeiro Filho, J.D.
245 1 _aPotenciais fatores de risco da síndrome cólica em equinos
650 _aEQUINO
650 _aCÓLICA
650 _aDISTÚRBIO ANIMAL
650 _aALIMENTAÇÃO ANIMAL
650 _aCONDIÇÃO AMBIENTAL
650 _aMANEJO
650 _aIDADE
773 0 _tRevista CFMV (Brazil)
_xISSN 1517-6959
_g(May-Aug 2012), v. 18(56) p. 35-42
_wBR2012007511
909 _a202311
_bLúcia
_c55
_dLúcia Elande
942 _2AGRIS
_n0
_cANA
999 _c222810
_d222810